Mecánica agrícola / por Mariano Capdevila y Pujol
Publicado:
La Naturaleza, (1894), pàg. 349-352, 364-367, 438-442, 543-547 :
1220
Descripción Física:
il. ; 27 cm
MARC
| LEADER | 00000nam a2200000Ia 4500 | ||
|---|---|---|---|
| 001 | 20776 | ||
| 008 | 160829s122-127, 248-250, 279-281, 36-38, 288-292 xx 000 0 cat d | ||
| 080 | |a 1946 | ||
| 100 | |a Capdevila Pujol, Mariano |9 47529 | ||
| 245 | |a Mecánica agrícola / por Mariano Capdevila y Pujol | ||
| 260 | |a La Naturaleza, (1894), pàg. 349-352, 364-367, 438-442, 543-547, |c 122-127, 248-250, 279-281, 36-38, 288-292 | ||
| 300 | |a il. ; |c 27 cm | ||
| 590 | |a Secció de la revista: Agricultura científica. | ||
| 590 | |a Conté articles sobre: Prefacio; instrumentos y máquinas para el cultivo, arados; gradas, rodillos; sembradoras; azadas de caballo; aparatos y máquinas para la recolección y para el transporte de los productos; segadoras. | ||
| 650 | |a Maquinària agrícola |9 47530 | ||
| 650 | |a Sembradores |9 47531 | ||
| 650 | |a Recol·lectores |9 48147 | ||
| 901 | |a Arxiu | ||
| 942 | |n 1 | ||
| 952 | |0 0 |1 0 |4 0 |6 1946 |7 1 |9 53946 |a Arxiu |b Arxiu |d 2016-12-01 |l 0 |o 1946 |p 20776 |r 2016-12-01 00:00:00 |w 2016-12-01 |y ARXIU | ||
| 999 | |c 57813 |d 57813 | ||